Código Procesal Penal de la Nación /
Con legislación complementaria actualizada
Guardado en:
| Formato: | Libro |
|---|---|
| Idioma: | Spanish |
| Publicado: |
Buenos Aires :
Erreius,
2018.
|
| Edición: | 1a. ed. |
| Materias: | |
| Etiquetas: |
Agregar Etiqueta
Sin Etiquetas, Sea el primero en etiquetar este registro!
|
| LEADER | 00585nam a22001815a 4500 | ||
|---|---|---|---|
| 001 | DER.der013766 | ||
| 008 | 181128s2018####ag#||||||||||||||#||spa|| | ||
| 005 | 20260224082312.0 | ||
| 245 | 1 | 0 | |a Código Procesal Penal de la Nación / |c Argentina. |
| 250 | |a 1a. ed. | ||
| 260 | |a Buenos Aires : |b Erreius, |c 2018. | ||
| 300 | |a 357 p. | ||
| 520 | |a Con legislación complementaria actualizada | ||
| 020 | |a 9789874405340 | ||
| 240 | 1 | 0 | |a Argentina - Códigos |
| 650 | 7 | |a DERECHO PROCESAL PENAL | |
| 859 | |a DERECHO |b BIB. DERECHO |h 348.023 |i ARG |p 008839 | ||
| 859 | |a DERECHO |b BIB. DERECHO |h 348.023 |i COD |p 008840 |t 1 | ||
